[Event "FIDE World Cup fin (Women)"]
[Site "Hyderabad"]
[Date "2002.10.16"]
[Round "1.2"]
[White "Stefanova, Antoaneta"]
[Black "Wang, Pin"]
[Result "1-0"]
[WhiteElo "2541"]
[BlackElo "2473"]
[PlyCount "107"]
[EventDate "2002.10.15"]
[EventType "k.o."]
[EventRounds "3"]
[EventCountry "IND"]
[SourceTitle "CBM 090 Extra"]
[Source "ChessBase"]
[SourceDate "2002.11.07"]
[SourceVersion "1"]
[SourceVersionDate "2002.11.07"]
[SourceQuality "1"]

1. d4 Nf6 2. Bg5 d5 3. e3 c6 4. Bxf6 exf6 5. c4 dxc4 6. Bxc4 Bd6 7. Nc3 f5 8. Qf3 0-0 9. h4 Nd7 10. Nge2 Nf6 11. h5 Be6 12. Bd3 g6 13. Nf4 Bxf4 14. Qxf4 Qe7 15. Be2 Rfe8 16. Bf3 Rad8 17. 0-0-0 Nd5 18. Bxd5 Bxd5 19. Rh2 Rd7 20. Rdh1 Qf6 21. Qh6 Qe7 22. Qf4 Qf6 23. hxg6 fxg6 24. Qg3 Rg7 25. Rh6 Qf7 26. Kb1 b5 27. Nxd5 Qxd5 28. Rc1 Rf7 29. Rh4 Qd7 30. Qf3 Re6 31. Rc5 a6 32. g3 Rd6 33. Rh1 a5 34. Rhc1 Rff6 35. a4 Rd5 36. axb5 Rxc5 37. Rxc5 cxb5 38. Qa8+ Rf8 39. Qxa5 Qe6 40. Qxb5 Qe4+ 41. Kc1 Qh1+ 42. Kd2 Qf3 43. Qe2 Qb7 44. Qc4+ Kh8 45. b4 Qf3 46. Qe2 Qb7 47. b5 Qa8 48. Qd1 Qg2 49. Ke2 Ra8 50. Qb1 h5 51. b6 f4 52. b7 Rb8 53. Rc8+ Kg7 54. Rxb8 1-0

[Event "FIDE World Cup-D (Women)"]
[Site "Hyderabad"]
[Date "2002.10.11"]
[Round "2"]
[White "Wang, Pin"]
[Black "Zhu, Chen"]
[Result "1/2-1/2"]
[WhiteElo "2473"]
[BlackElo "2509"]
[PlyCount "32"]
[EventDate "2002.10.05"]
[EventType "tourn"]
[EventRounds "5"]
[EventCountry "IND"]
[EventCategory "6"]
[SourceTitle "CBM 090 Extra"]
[Source "ChessBase"]
[SourceDate "2002.11.07"]
[SourceVersion "1"]
[SourceVersionDate "2002.11.07"]
[SourceQuality "1"]

1. e4 c5 2. Nf3 d6 3. d4 cxd4 4. Nxd4 Nf6 5. Nc3 a6 6. Be3 e5 7. Nb3 Be6 8. f3 Be7 9. Qd2 0-0 10. 0-0-0 Nbd7 11. g4 Qc7 12. Kb1 b5 13. g5 Nh5 14. Ne2 Rfc8 15. Ng3 Nf4 16. h4 g6 1/2-1/2

[Event "FIDE World Cup-D (Women)"]
[Site "Hyderabad"]
[Date "2002.10.10"]
[Round "1"]
[White "Wang, Pin"]
[Black "Peng, Zhaoqin"]
[Result "1-0"]
[WhiteElo "2473"]
[BlackElo "2443"]
[PlyCount "117"]
[EventDate "2002.10.05"]
[EventType "tourn"]
[EventRounds "5"]
[EventCountry "IND"]
[EventCategory "6"]
[SourceTitle "CBM 090 Extra"]
[Source "ChessBase"]
[SourceDate "2002.11.07"]
[SourceVersion "1"]
[SourceVersionDate "2002.11.07"]
[SourceQuality "1"]

1. e4 c5 2. Nf3 Nc6 3. Nc3 e6 4. d4 cxd4 5. Nxd4 Qc7 6. Be2 a6 7. 0-0 Nf6 8. Kh1 Nxd4 9. Qxd4 Bc5 10. Qd3 b5 11. f4 Bb7 12. Bf3 h5 13. e5 Ng4 14. Bxb7 Qxb7 15. Ne4 Rc8 16. Bd2 Be7 17. Rae1 Qc6 18. f5 h4 19. fxe6 dxe6 20. Qh3 Nxe5 21. Bc3 Qc7 22. Ng5 Bxg5 23. Bxe5 Qe7 24. Bxg7 Rg8 25. Bc3 b4 26. Be5 Rxc2 27. Qd3 Rd2 28. Qxa6 Qd7 29. Re2 Rd5 30. h3 Bd8 31. Qa8 Rg6 32. Qb8 Rd1 33. Ref2 Rxf1+ 34. Rxf1 Qd5 35. Rf2 Rg5 36. Bf6 Qd1+ 37. Kh2 Rd5 38. Bxd8 Rxd8 39. Qxb4 Qh5 40. Qg4 Qe5+ 41. Qf4 Qxf4+ 42. Rxf4 Rd2 43. Rb4 Kd7 44. Rb7+ Kd6 45. Rxf7 Rxb2 46. Rf4 Rxa2 47. Rxh4 e5 48. Rh8 Kd5 49. h4 Ke4 50. Kg3 Ra7 51. Rf8 Rg7+ 52. Kf2 Ra7 53. h5 Ra2+ 54. Kg3 Ra6 55. Kg4 Ke3 56. Kg5 e4 57. h6 Ra5+ 58. Kg6 Ra2 59. g4 1-0

[Event "USA-CHN Summit 2nd"]
[Site "Shanghai"]
[Date "2002.07.12"]
[Round "2"]
[White "Shahade, Jennifer"]
[Black "Wang, Pin"]
[Result "0-1"]
[WhiteElo "2341"]
[BlackElo "2475"]
[PlyCount "54"]
[EventDate "2002.07.11"]
[EventType "team"]
[EventRounds "4"]
[EventCountry "CHN"]
[SourceTitle "CBM 091"]
[Source "ChessBase"]
[SourceDate "2002.11.12"]
[SourceVersion "1"]
[SourceVersionDate "2002.11.12"]
[SourceQuality "1"]

1. e4 c5 2. Nf3 d6 3. d4 Nf6 4. Nc3 cxd4 5. Nxd4 a6 6. Be3 e6 7. f3 Nc6 8. Qd2 Be7 9. g4 Nd7 10. 0-0-0 0-0 11. h4 Nde5 12. Qf2 Bd7 13. Kb1 b5 14. h5 Qc7 15. g5 Nxd4 16. Bxd4 b4 17. Ne2 Rfc8 18. Rc1 Rab8 19. g6 fxg6 20. hxg6 h6 21. Ng3 b3 22. Qe3 bxc2+ 23. Ka1 Rb4 24. Bc3 Qb6 25. Qd2 Nxf3 26. Qxc2 Bf6 27. Qd1 Rxc3 0-1

[Event "CHN-RUS Summit (Women) 1st"]
[Site "Shanghai"]
[Date "2001.09.10"]
[Round "4"]
[White "Zimina, Olga"]
[Black "Wang, Pin"]
[Result "0-1"]
[WhiteElo "2312"]
[BlackElo "2504"]
[PlyCount "94"]
[EventDate "2001.09.07"]
[EventType "schev"]
[EventRounds "6"]
[EventCountry "CHN"]
[SourceTitle "EXT 2002"]
[Source "ChessBase"]
[SourceDate "2001.11.25"]
[SourceVersion "1"]
[SourceVersionDate "2001.11.25"]
[SourceQuality "1"]

1. e4 c5 2. Nf3 d6 3. Bb5+ Bd7 4. Bxd7+ Qxd7 5. c4 Nc6 6. Nc3 Nf6 7. 0-0 e6 8. d4 cxd4 9. Nxd4 Be7 10. Be3 0-0 11. Qe2 a6 12. f4 Rac8 13. Rad1 Qc7 14. b3 Rfe8 15. Kh1 Nd7 16. Nxc6 Qxc6 17. Bd4 Bf8 18. Rd3 b5 19. Rg3 e5 20. fxe5 dxe5 21. cxb5 axb5 22. Bg1 b4 23. Nd5 Qe6 24. Be3 Rc6 25. Bd2 Rc2 26. Qd1 Rxa2 27. Nc7 Qe7 28. Nxe8 Qxe8 29. Qe1 Qb8 30. Qf2 f6 31. Qe2 Kh8 32. Rd1 Nc5 33. Qe1 Ne6 34. Be3 Qa8 35. Bf2 Nf4 36. Re3 h6 37. h3 Bc5 38. Rf3 Re2 39. Bxc5 Rxe1+ 40. Rxe1 Qa2 41. Rg3 Qc2 42. Bg1 Ne2 43. Rf3 Nc3 44. Be3 Nxe4 45. Rc1 Qxb3 46. Bxh6 Qa2 47. Be3 b3 0-1

[Event "CHN-RUS Summit (Women) 1st"]
[Site "Shanghai"]
[Date "2001.09.09"]
[Round "3"]
[White "Wang, Pin"]
[Black "Zimina, Olga"]
[Result "1-0"]
[WhiteElo "2504"]
[BlackElo "2312"]
[PlyCount "129"]
[EventDate "2001.09.07"]
[EventType "schev"]
[EventRounds "6"]
[EventCountry "CHN"]
[SourceTitle "EXT 2002"]
[Source "ChessBase"]
[SourceDate "2001.11.25"]
[SourceVersion "1"]
[SourceVersionDate "2001.11.25"]
[SourceQuality "1"]

1. e4 c5 2. Nf3 Nc6 3. d4 cxd4 4. Nxd4 Nf6 5. Nc3 e5 6. Ndb5 d6 7. Bg5 a6 8. Na3 b5 9. Bxf6 gxf6 10. Nd5 f5 11. c3 Bg7 12. exf5 Bxf5 13. Nc2 Be6 14. g3 0-0 15. Bg2 a5 16. 0-0 f5 17. Qh5 b4 18. Nce3 Rb8 19. Kh1 Kh8 20. f4 bxc3 21. bxc3 e4 22. g4 Ne7 23. Nxe7 Qxe7 24. gxf5 Bf7 25. f6 Qxf6 26. Qh3 Bg8 27. Rac1 Rb2 28. Bxe4 Re8 29. Bg2 Rxa2 30. Nd5 Qg6 31. Bf3 Ree2 32. Bxe2 Rxe2 33. c4 Qe8 34. Qf3 a4 35. f5 Qe5 36. Rf2 Rxf2 37. Qxf2 Bxd5+ 38. cxd5 Qxd5+ 39. Qg2 Qxg2+ 40. Kxg2 Bb2 41. Rc7 a3 42. Ra7 Be5 43. Kf3 a2 44. Rxa2 Kg7 45. Ke4 Kf6 46. Rf2 Kf7 47. h3 Kf6 48. Rd2 Bg3 49. Rd5 Kg5 50. Rd3 Be5 51. Ra3 Kf6 52. Ra7 h6 53. Rh7 Kg5 54. h4+ Kh5 55. Kd5 Kxh4 56. Ke6 Kg5 57. Rb7 h5 58. Rb5 h4 59. f6 h3 60. f7 h2 61. Rb1 Bg7 62. Rh1 d5 63. Rxh2 Kf4 64. Rd2 d4 65. Rxd4+ 1-0

[Event "Zhong Hong Real Estate Cup"]
[Site "Beijing"]
[Date "2001.07.27"]
[Round "8"]
[White "Ni, Hua"]
[Black "Wang, Pin"]
[Result "1/2-1/2"]
[WhiteElo "2568"]
[BlackElo "2504"]
[PlyCount "135"]
[EventDate "2001.07.20"]
[EventType "tourn"]
[EventRounds "11"]
[EventCountry "CHN"]
[EventCategory "10"]
[SourceTitle "CBM 085"]
[Source "ChessBase"]
[SourceDate "2001.11.13"]
[SourceVersion "1"]
[SourceVersionDate "2001.11.13"]
[SourceQuality "1"]

1. e4 c5 2. Nf3 d6 3. d4 cxd4 4. Nxd4 Nf6 5. Nc3 a6 6. f3 e6 7. Be3 Nc6 8. Qd2 Be7 9. 0-0-0 0-0 10. g4 Nd7 11. h4 Nde5 12. Qg2 Qc7 13. g5 b5 14. f4 Nxd4 15. Bxd4 Nc6 16. Bf6 Bb7 17. Kb1 Kh8 18. Bxe7 Nxe7 19. Bd3 f5 20. gxf6 Rxf6 21. Ne2 Ng6 22. Qg4 Raf8 23. Rdf1 d5 24. exd5 Bxd5 25. Rhg1 Ne5 26. Qg3 Nxd3 27. cxd3 Qa7 28. h5 e5 29. f5 Rxf5 30. Rxf5 Rxf5 31. h6 g6 32. Rc1 Be6 33. Qh4 Qd7 34. Qe4 Bd5 35. Qe3 Qe6 36. Qa7 Qf6 37. Ng3 Rf4 38. Ne4 Qf8 39. Qxa6 Rf1 40. Qxb5 Rxc1+ 41. Kxc1 Qxh6+ 42. Kc2 Qh2+ 43. Kc3 Bxe4 44. dxe4 h5 45. a4 Qg3+ 46. Kc4 Qf4 47. Kd5 h4 48. a5 h3 49. Qe8+ Kg7 50. Qd7+ Qf7+ 51. Qxf7+ Kxf7 52. a6 h2 53. a7 h1Q 54. a8Q g5 55. Qc6 Qh3 56. Qc7+ Kg6 57. Qb6+ Kh5 58. Kxe5 g4 59. Qc5 Qf3 60. Kd4+ Kg6 61. Qd6+ Kg5 62. Qd5+ Kg6 63. Qc6+ Kg5 64. Qc1+ Kg6 65. Qe3 Qf6+ 66. e5 Qb6+ 67. Ke4 Qxe3+ 68. Kxe3 1/2-1/2